|
|
|
|
| LEADER |
00000nam0a2200000 4500 |
| 001 |
138230 |
| 005 |
20231101220729.0 |
| 010 |
|
|
|a 9785939131445
|
| 035 |
|
|
|a (RuTPU)RU\TPU\book\149786
|
| 090 |
|
|
|a 138230
|
| 100 |
|
|
|a 20080522d2007 m y0rusy50 ca
|
| 101 |
0 |
|
|a rus
|
| 102 |
|
|
|a RU
|
| 105 |
|
|
|a y j 001zy
|
| 200 |
1 |
|
|a Технология производства и методы обеспечения качества зубчатых колес и передач
|e учебное пособие
|f под ред. В. Е. Старжинского, М. М. Кане
|
| 210 |
|
|
|a СПб.
|c Профессия
|d 2007
|
| 215 |
|
|
|a 832 с.
|
| 320 |
|
|
|a Библиография в конце глав.
|
| 330 |
|
|
|a В книге сформулированы основные требования и рекомендации по выбору методов изготовления и контроля зубчатых колес. Рассмотрены вопросы выбора материалов, заготовок зубчатых колес, методы и средства контроля зубчатых колес и передач в системах ГОСТ и DIN. Подробно описаны методы, оборудование и оснастка при изготовления металлических и пластмассовых зубчатых колес (цилиндрических, конических и червячных), механическая обработка, пластическое деформирование, литье под давлением, формование в твердой фазе и др., термическая и химико-термическая обработка. Показаны особенности технологических процессов изготовления элементов зубчатых передач для микроэлектромеханических систем. Анализируются источники погрешностей цилиндрических зубчатых колес при их изготовлении передач и предложены методы их уменьшения. Приведена информация о характере и степени влияния на качество зубчатых колес погрешностей базовых поверхностей заготовок, режимов зубонарезания, об изменении параметров качества колее на различных операциях и их изготовления. Предложены система управления качеством зубчатых передач, методы и рекомендации по обеспечению качества зубчатых колес при отладке процессов их обработки. Рассмотрены некоторые конструкторско-технологические методы обеспечения качества приборных передач. Рассмотрены вопросы расчета зуборезного и формирующего инструмента при обработке металлических и пластмассовых зубчатых колес. Описаны методы автоматизации и технологического проектирования и производства при изготовлении зубчатых колес. Издание адресовано студентам и учащимся машиностроительных специальностей высших и средних-специальных учебных заведений, а также специалистам, научным и инженерно-техническим работникам машиностроения.
|
| 606 |
1 |
|
|a Зубчатые колеса
|x Производство
|2 stltpush
|3 (RuTPU)RU\TPU\subj\12031
|9 38886
|
| 610 |
1 |
|
|a зубчатые передачи
|
| 610 |
1 |
|
|a контроль
|
| 610 |
1 |
|
|a цилиндрические зубчатые колеса
|
| 610 |
1 |
|
|a червячные колеса
|
| 610 |
1 |
|
|a полимерные материалы
|
| 610 |
1 |
|
|a качество
|
| 610 |
1 |
|
|a погрешности
|
| 610 |
1 |
|
|a заготовки
|
| 610 |
1 |
|
|a базовые поверхности
|
| 610 |
1 |
|
|a зубофрезерование
|
| 610 |
1 |
|
|a системы управления
|
| 610 |
1 |
|
|a конструкции
|
| 610 |
1 |
|
|a расчет
|
| 610 |
1 |
|
|a технологическое проектирование
|
| 610 |
1 |
|
|a автоматизация
|
| 610 |
1 |
|
|a работоспособность
|
| 610 |
1 |
|
|a восстановление
|
| 610 |
1 |
|
|a учебные пособия
|
| 610 |
1 |
|
|a машиностроение
|
| 610 |
1 |
|
|a металлообработка
|
| 675 |
|
|
|a 621.833.002(075.8)
|v 3
|
| 702 |
|
1 |
|a Старжинский
|b В. Е.
|4 340
|
| 702 |
|
1 |
|a Кане
|b М. М.
|4 340
|
| 801 |
|
1 |
|a RU
|b 63413507
|c 20080522
|g PSBO
|
| 801 |
|
2 |
|a RU
|b 63413507
|c 20131230
|g PSBO
|
| 900 |
|
|
|a Технология производства технологической оснастки
|
| 900 |
|
|
|a Технология машиностроительного производства
|
| 900 |
|
|
|a Технология машиностроения
|
| 942 |
|
|
|c BK
|
| 951 |
|
|
|b 151000
|
| 953 |
|
|
|b 151001
|
| 959 |
|
|
|a 63/20080522
|d 1
|e 0
|f ЧЗТЛ:1
|